000 01650nam0a22002771 4500
001 rc\3459269
005 20250610114638.0
035 _a(NLR Aleph) 007885242
090 _a7943321
_c7943321
100 _a20130115d1973 |||y0rusy50 ca
101 0 _arus
102 _aRU
105 _ay z |||||
200 1 _aМатериалы всероссийской конференции "Организация первичного протезирования больных с нарушениями опорно-двигательного аппарата"
_fМ-во соц. обесп. РСФСР. Центр. отрасл. бюро науч.-техн. информации и пропаганды
210 _aМосква
_cБ. и.
_d1973
215 _a136 с.
_d20
225 1 _aОбзорная информация
_iСерия: Протезирование и протезостроение
_vВып. 8
333 _aДля служебного пользования. Экз. № 4
532 1 3 _aМатериалы всероссийской конференции Организация первичного протезирования больных с нарушениями опорно-двигательного аппарата
710 1 2 _a"Организация первичного протезирования больных с нарушениями опорно-двигательного аппарата", всероссийская конференция (1972; Иваново)
801 0 _aRU
_bNLR
_gpsbo
801 1 _aRU
_bELAR
_2rusmarc
852 _aNLR
_jП16/1321
852 _aNLR
_bОСХ
942 _cBOOK
980 _aNB